Jeux vidéo Pokémon de la série principale - Statistiques

Statistiques générales
  • Ce quiz a été pris 11 780 fois
    4 221 depuis la dernière actualisation
  • Le résultat moyen est 28 sur 39
Statistiques - réponses
Gén Jeux % Correct
1 Rouge
96%
1 Bleu
95%
1 Vert
94%
1 Jaune
93%
5 Blanc
89%
5 Noir
89%
4 Diamant
88%
2 Or
88%
6 Y
88%
2 Argent
87%
6 X
87%
3 Saphir
85%
3 Rubis
84%
3 Émeraude
82%
4 Perle
81%
8 Bouclier
76%
8 Épée
76%
7 Lune
76%
7 Soleil
76%
4 Platine
75%
5 Blanc 2
69%
5 Noir 2
69%
9 Violet
69%
9 Ecarlate
64%
6 Saphir Alpha
61%
7 Ultra Lune
61%
7 Ultra Soleil
61%
6 Rubis Oméga
60%
4 Argent SoulSilver
55%
3 Rouge Feu
55%
3 Vert Feuille
55%
4 Or HeartGold
54%
7 Let's Go, Pikachu
53%
7 Let's Go, Evoli
51%
10 Vents
49%
2 Cristal
48%
10 Vagues
47%
8 Diamant Étincelant
42%
8 Perle Scintillante
40%
Aucun quiz correspondant
Distribution des résultats
% des personnes avec chaque résultat
Percentile par nombre de réponses
Votre historique - résultats
Vous n’avez pas pris ce quiz depuis la dernière actualisation